000 00961cam a22002891 4500
001 sa 68015703
003 DLC
005 20260227112645.0
008 890727s1968 ii ac d 000 0 hino
010 _asa 68015703
035 _a(OCoLC)20081591
040 _aDLC
_cWaU
_dDLC
041 0 _ahineng
042 _apremarc
050 0 0 _aQD5
_b.I47
110 1 _aIndia.
_bStanding Commission for Scientific and Technical Terminology.
245 1 0 _aPrārambhika pāribhāshika kośa: rasāyana.
_bElementary technical dictionary: chemistry.
260 _c1968.
300 _aviii, 233 p.
_billus., ports.
_c24 cm.
500 _aIn Hindi.
500 _aAppendices (p. [211]-233)-English Hindi glossary.
650 0 _aChemistry
_xDictionaries
_xHindi.
650 0 _aHindi language
_xDictionaries
_xEnglish.
650 0 _aEnglish language
_xDictionaries
_xHindi.
650 0 _aChemistry
_vDictionaries.
740 0 _aElementary techincal dictionary: chemistry.
999 _c86624
_d86624